000 00292nam a22001337a 4500
008 170807b xxu||||| |||| 00| 0 eng d
020 _a9780782122589
041 _aeng
080 _a004
100 _a33
101 _aSHKI
245 _aLOCAL AREA NETWORKS
_cANDERSON, CH
942 _2udc
_cBK
999 _c22764
_d22764